Tierra de todos, tierra de paz carta pastoral del Vicariato de: Colón, Darién y Kuna Yala

محفوظ في:
التفاصيل البيبلوغرافية
مؤلف مشترك: Iglesia Católica. Diócesis de Colón
التنسيق: كتاب
اللغة:Spanish
الموضوعات:
الوسوم: إضافة وسم
لا توجد وسوم, كن أول من يضع وسما على هذه التسجيلة!

MARC

LEADER 00000nam a22000007a 4500
003 cru CIDCACS/IIS
005 20161104132117.0
007 ta
008 161104b pn ||||| |||| 00| 0 spa d
040 |c cru CIDCACS/IIS 
090 |a o7.02.01 
110 2 |9 367  |a Iglesia Católica. Diócesis de Colón 
245 1 0 |a Tierra de todos, tierra de paz  |b carta pastoral del Vicariato de: Colón, Darién y Kuna Yala 
300 |a 69 páginas 
650 1 0 |9 369  |a CARTA PASTORAL 
942 |2 ddc  |c LI 
999 |c 18709  |d 18709